Sparky Quiz #2 - Statistics

General Stats
  • This quiz has been taken 8 times
  • The average score is 10 of 16
Answer Stats
Hint Answer % Correct
Colour Sparkys ears are turning Green
80%
Least common emotion Happy
80%
Favourite Footballer Messi
80%
Height 42cm
60%
Doesnt like it when Ayices is... Angry
60%
What he calls broccoli Bamboo Trees
60%
What he is doing most of the time Crying
60%
Middle Name Gold
60%
His only organ is a... Heart
60%
Gets annoyed at this pet Hoyie
60%
Favourite F1 Driver Massa
60%
What does he call the problem with his eyes Pandaracts
60%
Friend with balance Po
60%
Why cant sticks and stones break his bones He has no bones
40%
Something he cant do by himself Move
40%
What it says on his current shirt Save the earth its the only place with pandas
40%
No matching quizzes found
Score Distribution
Percent of People with Each Score
Percentile by Number Answered
Your Score History
You have not taken this quiz